| 000 | 00694nam a2200229 a 4500 | ||
|---|---|---|---|
| 001 | BRL_1210 | ||
| 005 | 20190320211103.0 | ||
| 008 | 281113s1954----gw-a######---#000-0#ger-# | ||
| 041 | _ager | ||
| 044 | _agw | ||
| 050 | 4 |
_aND568 _b.R68 1954 |
|
| 100 | 1 |
_aRo¨thel, Hans Konrad _d1909-1982 _926130 |
|
| 245 | 1 | 0 |
_aModerne deutsche Malerei _bMit 50 Farbtafeln und 28 Graphiken _cvon Hans Konrad Röthel. |
| 260 |
_aWiesbaden _bEmil Vollmer _c[1954] |
||
| 300 |
_a103 p. _bil. (algunas a color) _c33 cm. |
||
| 500 | _aAu1385 | ||
| 504 | _aBibliografía y literatura: p. 97-101 | ||
| 650 | 1 | 4 |
_aPintura alemana _99335 |
| 650 | 1 | 4 |
_aArte moderno _ySiglo XX _91863 |
| 902 | _aGRL | ||
| 942 |
_2lcc _cB |
||
| 999 |
_c10022 _d10022 |
||